Statistics for Rugby Union Quiz

Click here to take the quiz!

General Stats

  • This quiz has been taken 153 times
  • The average score is 16 of 20

Answer Stats

HintAnswer% Correct
What letter do rugby posts resemble?H
97%
Which country plays in a black kit?New Zealand
95%
How many points is a try worth?5
94%
Which direction can the ball not be passed in?Forward
93%
What is the term for dropping the ball forwards?Knock on
92%
Which international team are known as the Pumas?Argentina
91%
Which country is hosting the 2015 Rugby World Cup?England
88%
What skill is Jonny Wilkinson particularly famous for?Dropkick
86%
What number does the full back wear?15
85%
What would you be penalised for if tackling above the shoulders?High tackle
84%
What is the term for dodging an opponent using footwork?Sidestep
81%
What is the term for a throw in?Line out
78%
Where is referee Craig Joubert from?South Africa
75%
What is the nickname for the South African team?Springboks
75%
Which position is also a seedy profession, often done by women?Hooker
71%
What is the name of the Rugby World Cup trophy?Webb Ellis Cup
68%
What team did England play in the first ever international fixture?Scotland
67%
What is the name of the protective headgear worn by some players?Scrum cap
67%
Who is the top scoring international player?Dan Carter
51%
What was Sam Warburton given a red card for during the 2011 World Cup?Spear Tackle
24%

Score Distribution

Percentile by Number Answered

Percent of People with Each Score

Your Score History

You have not taken this quiz